FIFA 18 Best Players By Club - Premier League - Statistics

General Stats
  • This quiz has been taken 1,217 times
  • The average score is 19 of 60
Answer Stats
Club Player Rank % Correct
Chelsea Eden Hazard 90
93%
Manchester City Sergio Agüero 89
84%
Chelsea N'Golo Kanté 87
81%
Manchester City Kevin De Bruyne 89
80%
Tottenham Hotspur Hugo Lloris 88
79%
Chelsea Thibaut Courtois 89
79%
Liverpool Sadio Mané 84
76%
Manchester United David De Gea 90
74%
Arsenal Mesut Ozil 88
73%
Manchester City David Silva 87
71%
Manchester United Paul Pogba 87
69%
Arsenal Alexis Sanchez 89
68%
Tottenham Hotspur Christian Eriksen 87
63%
Arsenal Petr Cech 86
58%
Liverpool Philippe Coutinho 86
56%
Leicester City Riyad Mahrez 83
54%
Manchester United Zlatan Ibrahimovic 88
52%
Tottenham Hotspur Toby Alderweireld 86
50%
Southampton Virgil van Dijk 83
49%
Crystal Palace Wilfried Zaha 81
42%
Leicester City Kasper Schmeichel 83
32%
Stoke City Xherdan Shaqiri 82
31%
Crystal Palace Christian Benteke 81
30%
Everton Leighton Baines 82
28%
Bournemouth Joshua King 77
26%
Liverpool Adam Lallana 83
25%
West Ham United Marko Arnautovic 82
23%
Bournemouth Asmir Begovic 82
21%
West Ham United Javier Hernandez 82
21%
West Ham United Joe Hart 82
21%
West Bromwich Albion Solomon Rondon 80
21%
Stoke City Jack Butland 81
20%
Bournemouth Jermain Defoe 80
20%
Huddersfield Town Aaron Mooy 77
18%
Leicester City Islam Slimani 82
18%
Everton Idrissa Gueye 83
15%
Swansea City Lukasz Fabianski 80
15%
West Bromwich Albion Ben Foster 80
14%
Southampton Dusan Tadic 80
13%
Newcastle United Jonjo Shelvey 77
13%
Burnley Tom Heaton 81
13%
Crystal Palace Mamadou Sakho 81
11%
Everton Morgan Schneiderlin 83
11%
Watford Heurelho Gomes 79
9%
Watford Roberto Pereyra 80
8%
Southampton Ryan Bertrand 80
8%
Huddersfield Town Steve Mounié 76
7%
West Bromwich Albion Grzegorz Krychowiak 81
6%
Brighton & Hove Albion Mathew Ryan 77
6%
Stoke City Kurt Zouma 79
5%
Swansea City Roque Mesa 82
5%
Burnley Steven Defour 78
5%
Brighton & Hove Albion José Izquierdo 78
4%
Watford Orestis Karnezis 82
4%
Brighton & Hove Albion Tim Krul 77
4%
Swansea City Federico Fernandez 79
3%
Burnley Jack Cork 78
3%
Huddersfield Town Jonas Lössl 75
3%
Newcastle United Florian Lejeune 79
2%
Newcastle United Henri Saivet 77
1%
No matching quizzes found
Score Distribution
Percent of People with Each Score
Percentile by Number Answered
Your Score History
You have not taken this quiz